00765nam a2200229 i 4500001001000000003000900010005001700019007000300036008004100039040003000080041000800110082001900118100003500137111012300172245004500295264005200340300002700392336002700419337003200446338002800478600002900506000029552DO-SdBNP20260311083040.0ta110418s1980 dr 000 0 spa d aDO-SdBNPbspacBNPHUerda aspa 4axxxbM938f222 aMoya Pons, Frank,eautor4aut.2 aConferencia encuentro de jóvenes sobresalientes de la República Dominicanac(Santo Domingod1980 : 27 agoston1: )13aEl futuro dominicano /cFrank Moya Pons. 1aSanto Domingo :beditor no identificado,c1980. a17 páginas ;c22 cm. atextobtxt2rdacontent asinmediaciónbn2rdamedia avolumenbnc2rdacarrier10aMoya Pons, Frank,d1944-